[Event "C.to Italiano Semifinale"]
[Site "Acqui Terme ITA"]
[Date "2011.07.19"]
[Round "4"]
[White "Rombaldoni, Denis"]
[Black "Caprio, Guido"]
[Result "1-0"]
[WhiteElo "2495"]
[BlackElo "2312"]
[PlyCount "81"]
[EventDate "2011.07.17"]

1. d4 Nf6 2. c4 c6 3. Nf3 d5 4. Nc3 e6 5. Qd3 dxc4 6. Qxc4 b5 7. Qd3 Nbd7 8. g3
Qa5 9. Nd2 b4 10. Nce4 Ba6 11. Qf3 Nxe4 12. Qxe4 b3 13. a3 Bc4 14. Qf3 Rb8 15.
e3 Bxf1 16. Kxf1 Qd5 17. Kg2 Qxf3+ 18. Nxf3 c5 19. Rd1 Nb6 20. a4 c4 21. Bd2
Bd6 22. Rdc1 Rc8 23. e4 f5 24. Ng5 fxe4 25. Nxe4 Kd7 26. a5 Nd5 27. Ra4 Rc6 28.
Raxc4 Rhc8 29. Rxc6 Rxc6 30. Rxc6 Kxc6 31. Nxd6 Kxd6 32. Kf3 Kc6 33. Ke4 Kb5
34. Ke5 Kc4 35. Kxe6 Kxd4 36. Kd6 Kd3 37. Be1 Nf6 38. f3 g5 39. a6 g4 40. Bf2
gxf3 41. Bxa7 1-0

[Event "C.to Italiano Semifinale"]
[Site "Acqui Terme ITA"]
[Date "2011.07.19"]
[Round "4"]
[White "Sbarra, Marco"]
[Black "Andreoni, Giuseppe"]
[Result "1/2-1/2"]
[WhiteElo "2266"]
[BlackElo "2092"]
[PlyCount "76"]
[EventDate "2011.07.17"]

1. d4 d5 2. c4 c6 3. Nc3 Nf6 4. e3 e6 5. Nf3 Nbd7 6. Qc2 Bd6 7. Be2 dxc4 8.
Bxc4 a6 9. a4 c5 10. dxc5 Bxc5 11. O-O O-O 12. e4 Qc7 13. Qe2 b6 14. e5 Ng4 15.
Bf4 Bb7 16. Ne4 Rfc8 17. Bd3 Ngf6 18. Nxc5 Nxc5 19. Rac1 Nd5 20. Bd2 Qd7 21.
Bb1 a5 22. Ng5 g6 23. Rfd1 Nb3 24. Rxc8+ Rxc8 25. Ne4 Nc5 26. Nd6 Ba6 27. Qf3
Rd8 28. Bg5 Rf8 29. Ba2 Nb4 30. Bf6 Qxa4 31. Bb1 Qb3 32. Qxb3 Nxb3 33. Be4 Nc5
34. Bf3 Nbd3 35. Rd2 Nb3 36. Rc2 Nd4 37. Rd2 Nb3 38. Rc2 Nd4 1/2-1/2

[Event "C.to Italiano Semifinale"]
[Site "Acqui Terme ITA"]
[Date "2011.07.20"]
[Round "5"]
[White "Altini, Nicola"]
[Black "Basso, Pier Luigi"]
[Result "1/2-1/2"]
[WhiteElo "2267"]
[BlackElo "2045"]
[PlyCount "67"]
[EventDate "2011.07.17"]

1. Nf3 Nf6 2. c4 e6 3. d4 d5 4. e3 Be7 5. Nbd2 b6 6. Bd3 Bb7 7. b3 Nbd7 8. Bb2
O-O 9. O-O dxc4 10. bxc4 c5 11. Qe2 cxd4 12. exd4 Rc8 13. Rfe1 Re8 14. Rad1 Qc7
15. Ne5 Nxe5 16. dxe5 Qc6 17. f4 Nh5 18. Bxh7+ Kxh7 19. Qxh5+ Kg8 20. Nf3 Qxc4
21. f5 exf5 22. e6 Bc5+ 23. Kh1 Rxe6 24. Ne5 g6 25. Nxg6 Bxg2+ 26. Kxg2 Qc2+
27. Kh1 Qxb2 28. Rxe6 fxe6 29. Nf4 Qg7 30. Qf3 Qg4 31. Qxg4+ fxg4 32. Nxe6 Re8
33. Nxc5 bxc5 34. Rc1 1/2-1/2

[Event "C.to Italiano Semifinale"]
[Site "Acqui Terme ITA"]
[Date "2011.07.20"]
[Round "5"]
[White "Andreoni, Giuseppe"]
[Black "Marguerettaz, Davy"]
[Result "1/2-1/2"]
[WhiteElo "2092"]
[BlackElo "2160"]
[PlyCount "46"]
[EventDate "2011.07.17"]

1. d4 d5 2. c4 c6 3. Nf3 Nf6 4. e3 g6 5. Nc3 Bg7 6. Be2 O-O 7. O-O Bg4 8. Qb3
Qb6 9. Bd2 Bxf3 10. Bxf3 dxc4 11. Qxc4 Qxb2 12. Bc1 Qb6 13. Ba3 Re8 14. Rab1
Qc7 15. d5 Nbd7 16. Rfc1 Ne5 17. Qa4 Nxf3+ 18. gxf3 Qd7 19. dxc6 bxc6 20. Ne4
Nxe4 21. Qxe4 Qd5 22. Qxd5 cxd5 23. Rb7 Reb8 1/2-1/2

[Event "C.to Italiano Semifinale"]
[Site "Acqui Terme ITA"]
[Date "2011.07.20"]
[Round "5"]
[White "Bentivegna, Francesco"]
[Black "Rombaldoni, Axel"]
[Result "0-1"]
[WhiteElo "2330"]
[BlackElo "2459"]
[PlyCount "90"]
[EventDate "2011.07.17"]

1. f4 Nf6 2. Nf3 c5 3. d3 d5 4. e3 Nc6 5. Be2 Qc7 6. O-O g6 7. a4 Bg7 8. Nc3
O-O 9. e4 dxe4 10. dxe4 Rd8 11. Qe1 Nd4 12. Bc4 Nxc2 13. Qh4 Be6 14. Bxe6 fxe6
15. Rb1 Nd4 16. e5 Nd5 17. Ne4 Nf5 18. Qf2 b6 19. g4 Nd4 20. Neg5 Nxf3+ 21.
Qxf3 Qc6 22. f5 exf5 23. gxf5 Rf8 24. Qh3 h6 25. Ne6 Rxf5 26. Rxf5 gxf5 27.
Qxf5 Nc7 28. Nxc7 Qxc7 29. Bxh6 Qxe5 30. Qxe5 Bxe5 31. Re1 Bd4+ 32. Kg2 Kf7 33.
b3 e5 34. h4 Ke6 35. Rf1 Kd5 36. Rf7 e4 37. Bf8 Ke6 38. Rf1 Bf6 39. Bh6 Rh8 40.
Be3 Rxh4 41. a5 Be5 42. Rf8 Rh8 43. Rxh8 Bxh8 44. b4 cxb4 45. Bxb6 b3 0-1

[Event "C.to Italiano Semifinale"]
[Site "Acqui Terme ITA"]
[Date "2011.07.20"]
[Round "5"]
[White "Bianco, Valerio"]
[Black "Gioseffi, Massimiliano"]
[Result "1/2-1/2"]
[WhiteElo "2216"]
[BlackElo "2105"]
[PlyCount "95"]
[EventDate "2011.07.17"]

1. e4 c5 2. Nf3 e6 3. c3 d5 4. exd5 Qxd5 5. d4 Nf6 6. Na3 Be7 7. Nb5 Na6 8. Be2
cxd4 9. Qxd4 Qxd4 10. Nfxd4 e5 11. Nf3 Nd7 12. Be3 b6 13. O-O-O f6 14. Nd6+
Bxd6 15. Rxd6 Bb7 16. Rhd1 O-O-O 17. b4 Ndb8 18. a3 Rxd6 19. Rxd6 Rd8 20. Rxd8+
Kxd8 21. h4 Nc7 22. c4 Ne6 23. g3 Nc6 24. Kd2 e4 25. Ne1 Ncd4 26. Bd1 Ke7 27.
Nc2 Nxc2 28. Kxc2 Kd6 29. Kc3 Bc6 30. a4 Bb7 31. a5 bxa5 32. Bxa7 axb4+ 33.
Kxb4 Nd8 34. Bb8+ Kd7 35. Ba4+ Bc6 36. Bf4 Bxa4 37. Kxa4 Ne6 38. Be3 Kc6 39.
Kb4 h5 40. Kc3 g5 41. hxg5 fxg5 42. Kd2 h4 43. gxh4 gxh4 44. Ke2 Ng7 45. Kf1
Nf5 46. Ba7 Nd6 47. c5 Nb7 48. Kg2 1/2-1/2

[Event "C.to Italiano Semifinale"]
[Site "Acqui Terme ITA"]
[Date "2011.07.20"]
[Round "5"]
[White "Bruno, Fabio"]
[Black "Rombaldoni, Denis"]
[Result "0-1"]
[WhiteElo "2466"]
[BlackElo "2495"]
[PlyCount "82"]
[EventDate "2011.07.17"]

1. Nf3 c5 2. c4 Nc6 3. g3 g6 4. Bg2 Bg7 5. O-O e5 6. Nc3 d6 7. a3 a5 8. d3 Nge7
9. Bd2 O-O 10. Rb1 Rb8 11. Ne1 Be6 12. Nd5 b5 13. b4 axb4 14. axb4 Nxb4 15.
Nxb4 cxb4 16. Rxb4 bxc4 17. dxc4 Rxb4 18. Bxb4 Bxc4 19. Nc2 Nf5 20. Bd5 Bxd5
21. Qxd5 Qc8 22. Qd3 Qc6 23. e4 Nd4 24. Ne3 Kh8 25. Nd5 f5 26. f3 fxe4 27. fxe4
Rxf1+ 28. Kxf1 h5 29. Bd2 Kh7 30. Kg2 Qd7 31. Be3 h4 32. h3 hxg3 33. Bxd4 exd4
34. Qxg3 Qe8 35. Kf3 Be5 36. Qg5 Qf7+ 37. Ke2 d3+ 38. Ke3 Qa7+ 39. Kxd3 Qd4+
40. Ke2 Qxe4+ 41. Ne3 Bd4 0-1

[Event "C.to Italiano Semifinale"]
[Site "Acqui Terme ITA"]
[Date "2011.07.20"]
[Round "5"]
[White "Caprio, Guido"]
[Black "Parrella, Alfredo"]
[Result "1-0"]
[WhiteElo "2312"]
[BlackElo "2110"]
[PlyCount "137"]
[EventDate "2011.07.17"]

1. d4 Nf6 2. c4 c5 3. d5 b5 4. cxb5 a6 5. bxa6 g6 6. Nc3 Bxa6 7. g3 d6 8. Nf3
Bg7 9. Bg2 Nbd7 10. Rb1 Nb6 11. b3 Bc8 12. Nh4 h6 13. Qc2 Qd7 14. f4 g5 15.
fxg5 hxg5 16. Bxg5 Qg4 17. Qd2 Nh7 18. Bf4 Nf8 19. O-O Bf6 20. Nf3 Ng6 21. Ne4
Bg7 22. Nf2 Qh5 23. e4 Nxf4 24. gxf4 Bd4 25. Kh1 Ba6 26. Rg1 Bc8 27. f5 Nd7 28.
h3 Bf6 29. Nd3 Kf8 30. a4 Ba6 31. Nf2 Bc8 32. Qe3 Bg7 33. Bf1 Bh6 34. Qc3 Nf6
35. Ng4 Bg7 36. Nxf6 Bxf6 37. Qe3 Bb7 38. Rg3 e6 39. b4 exd5 40. bxc5 dxe4 41.
Rxb7 exf3 42. cxd6 Qh4 43. Qxf3 Qxa4 44. Qd5 Rh7 45. d7 Qd4 46. Qxd4 Bxd4 47.
Rc7 Rd8 48. Rc8 Ke7 49. Bb5 Rhh8 50. Rd3 Be5 51. Rc6 Rb8 52. Rc5 f6 53. Kg2 Ra8
54. Rc6 Rhg8+ 55. Kf3 Rg3+ 56. Ke4 Rxd3 57. Re6+ Kf7 58. Kxd3 Bc7 59. Re8 Ra3+
60. Ke4 Rxh3 61. Bc4+ Kg7 62. Kd5 Rc3 63. Rc8 Ba5 64. Kc5 Rc1 65. Kb5 Ra1 66.
Ra8 Rb1+ 67. Kxa5 Ra1+ 68. Kb6 Rxa8 69. Kc7 1-0

[Event "C.to Italiano Semifinale"]
[Site "Acqui Terme ITA"]
[Date "2011.07.20"]
[Round "5"]
[White "Contin, Daniel"]
[Black "Boscolo, Federico"]
[Result "1/2-1/2"]
[WhiteElo "2319"]
[BlackElo "2210"]
[PlyCount "128"]
[EventDate "2011.07.17"]

1. Nf3 Nf6 2. c4 c5 3. g3 g6 4. b3 Bg7 5. Bb2 O-O 6. Bg2 Nc6 7. O-O d5 8. cxd5
Nxd5 9. Bxg7 Kxg7 10. Qc2 b6 11. Qb2+ Kg8 12. d4 Qd6 13. dxc5 Qxc5 14. Rc1 Qd6
15. Rd1 Qf6 16. Qxf6 Nxf6 17. Ne5 Nxe5 18. Bxa8 Bg4 19. f4 Rxa8 20. fxe5 Nd7
21. Nc3 Nxe5 22. Rd2 Kg7 23. Rad1 Rc8 24. Nb5 a6 25. Nd4 Rc3 26. Kg2 g5 27. Rf1
e6 28. Nf3 Nxf3 29. exf3 Bf5 30. g4 Bd3 31. Re1 Bb5 32. Kf2 Bc6 33. Re3 Rc1 34.
b4 Bd5 35. Ra3 Rb1 36. Rd4 Rb2+ 37. Ke3 Bxa2 38. Rxa6 b5 39. Rd2 Rb3+ 40. Kf2
Bb1 41. Rd4 Bd3 42. Rc6 Bc4 43. Rcxc4 bxc4 44. Rxc4 Kg6 45. Re4 h5 46. gxh5+
Kxh5 47. Kg3 f5 48. Rxe6 g4 49. b5 Rxf3+ 50. Kg2 Rb3 51. b6 Kg5 52. Rc6 Rb2+
53. Kg1 Rb4 54. Kg2 Kf4 55. Rc2 Rxb6 56. Rf2+ Kg5 57. h3 f4 58. hxg4 Kxg4 59.
Ra2 Rb3 60. Rc2 Rg3+ 61. Kf2 Rh3 62. Rc8 Rh2+ 63. Kg1 Ra2 64. Rc3 f3 1/2-1/2

[Event "C.to Italiano Semifinale"]
[Site "Acqui Terme ITA"]
[Date "2011.07.20"]
[Round "5"]
[White "Formento, Paolo"]
[Black "Piscopo, Pierluigi"]
[Result "1/2-1/2"]
[WhiteElo "2024"]
[BlackElo "2397"]
[PlyCount "37"]
[EventDate "2011.07.17"]

1. e4 c5 2. Nf3 Nc6 3. Bb5 Nf6 4. Qe2 e5 5. Bxc6 dxc6 6. Nxe5 Qd4 7. Nf3 Qxe4
8. Qxe4+ Nxe4 9. O-O Be7 10. d3 Nd6 11. Re1 Nf5 12. Bf4 h5 13. Nbd2 f6 14. Ne4
Kf7 15. h4 Rd8 16. Ng3 Nxg3 17. Bxg3 Bf5 18. Re2 Bg4 19. Re3 1/2-1/2

[Event "C.to Italiano Semifinale"]
[Site "Acqui Terme ITA"]
[Date "2011.07.20"]
[Round "5"]
[White "Genocchio, Daniele"]
[Black "Melone, Antonio"]
[Result "1-0"]
[WhiteElo "2446"]
[BlackElo "2046"]
[PlyCount "43"]
[EventDate "2011.07.17"]

1. e4 c6 2. d4 d5 3. exd5 cxd5 4. c4 Nf6 5. Nc3 e6 6. Nf3 Be7 7. cxd5 Nxd5 8.
Bd3 a6 9. O-O b5 10. Nxd5 Qxd5 11. Re1 Qh5 12. Re5 f5 13. d5 O-O 14. dxe6 Nc6
15. Re1 Rd8 16. Bg5 Bxg5 17. Nxg5 Qxg5 18. e7 Re8 19. Bxb5 Nd4 20. h4 Qxh4 21.
Bxe8 Ne6 22. Bc6 1-0

[Event "C.to Italiano Semifinale"]
[Site "Acqui Terme ITA"]
[Date "2011.07.20"]
[Round "5"]
[White "Martorelli, Antonio"]
[Black "Dvirnyy, Danyyil"]
[Result "0-1"]
[WhiteElo "2224"]
[BlackElo "2436"]
[PlyCount "88"]
[EventDate "2011.07.17"]

1. e4 e6 2. d4 d5 3. Nc3 Bb4 4. e5 Ne7 5. Bd2 c5 6. Nb5 Bxd2+ 7. Qxd2 O-O 8. f4
Bd7 9. Nd6 cxd4 10. Nf3 f6 11. O-O-O Nbc6 12. h4 Qb8 13. Qe1 Ng6 14. Nb5 fxe5
15. fxe5 Ngxe5 16. Nbxd4 Nxf3 17. Nxf3 Rf4 18. Bb5 Qd6 19. h5 Rc8 20. h6 Nb4
21. Bd3 Nxd3+ 22. Rxd3 Be8 23. Rc3 Rfc4 24. Rxc4 Rxc4 25. b3 Rg4 26. Qc3 Rxg2
27. Qc8 Qc6 28. Qxc6 Bxc6 29. hxg7 Rxg7 30. Ne5 Be8 31. Rh6 Bg6 32. Kb2 Bf5 33.
c4 dxc4 34. bxc4 Rg3 35. Rh2 Re3 36. Nd7 Kf7 37. Nc5 b6 38. Nb3 Kg6 39. Nd4 h5
40. Nc6 a5 41. Ne7+ Kg5 42. Nc8 h4 43. Nxb6 h3 44. c5 Rg3 0-1

[Event "C.to Italiano Semifinale"]
[Site "Acqui Terme ITA"]
[Date "2011.07.20"]
[Round "5"]
[White "Mogranzini, Roberto"]
[Black "Molina, Fabrizio"]
[Result "1-0"]
[WhiteElo "2433"]
[BlackElo "2256"]
[PlyCount "153"]
[EventDate "2011.07.17"]

1. e4 d6 2. d4 Nf6 3. Nc3 e5 4. Nf3 Nbd7 5. Bc4 Be7 6. O-O O-O 7. a4 c6 8. Re1
exd4 9. Nxd4 Ne5 10. Bf1 Re8 11. a5 Bd7 12. f4 Ng6 13. h3 Bf8 14. Nf3 Qc7 15.
f5 Ne5 16. Nxe5 dxe5 17. g4 Red8 18. Qf3 b5 19. axb6 axb6 20. Rxa8 Rxa8 21. g5
Ne8 22. Bc4 b5 23. Bb3 Nd6 24. g6 Nc4 25. gxf7+ Kh8 26. Qe2 Qd8 27. Kh2 Qh4 28.
Rg1 Bc5 29. Rg4 Qf2+ 30. Qxf2 Bxf2 31. Rg2 Be1 32. Bxc4 bxc4 33. f6 g5 34. Bxg5
Rf8 35. Na4 Rxf7 36. c3 h6 37. Bxh6 Rh7 38. Rg7 Rxh6 39. Rxd7 Rxf6 40. Nb6 Rf2+
41. Kg1 Rxb2 42. Nxc4 Rb1 43. Kg2 Bxc3 44. Rc7 Re1 45. Kf3 Rf1+ 46. Kg4 Kg8 47.
Kg5 Kf8 48. Rxc6 Ke7 49. Nb6 Rg1+ 50. Kf5 Rf1+ 51. Kg6 Rg1+ 52. Kh5 Bd2 53.
Nd5+ Kf7 54. Rc7+ Ke6 55. Rc2 Rg5+ 56. Kh4 Rg2 57. Rc6+ Kf7 58. Rf6+ Kg7 59.
Rf3 Kh6 60. Rf6+ Kg7 61. Rc6 Bg5+ 62. Kh5 Bd8 63. Rd6 Ba5 64. Rd7+ Kf8 65. Re7
Rg3 66. h4 Bd8 67. Rxe5 Kg7 68. Re8 Ba5 69. Re7+ Kf8 70. Ra7 Be1 71. Nf4 Re3
72. Ne6+ Ke8 73. Ng5 Re2 74. Ra1 Ke7 75. Kg4 Rg2+ 76. Kf3 Rf2+ 77. Ke3 1-0

[Event "C.to Italiano Semifinale"]
[Site "Acqui Terme ITA"]
[Date "2011.07.20"]
[Round "5"]
[White "Sbarra, Marco"]
[Black "Ferretti, Carlo"]
[Result "1-0"]
[WhiteElo "2266"]
[BlackElo "1997"]
[PlyCount "85"]
[EventDate "2011.07.17"]

1. d4 Nf6 2. c4 c5 3. d5 b5 4. Qc2 d6 5. e4 g6 6. cxb5 Bg7 7. Nc3 O-O 8. Nf3
Nbd7 9. a4 Ng4 10. Be2 Nge5 11. Nxe5 Nxe5 12. f4 Nd7 13. Be3 a6 14. Rd1 axb5
15. axb5 Nf6 16. h3 Bb7 17. O-O Ra5 18. e5 Ne8 19. Bc4 Nc7 20. exd6 exd6 21. f5
Qh4 22. Ne4 Qd8 23. fxg6 fxg6 24. Bg5 Rxf1+ 25. Rxf1 Qd7 26. Bh6 Ne8 27. Qd2
Ra4 28. b3 Ra1 29. Rxa1 Bxa1 30. Qf4 Bd4+ 31. Kf1 Qe7 32. Bg5 Qe5 33. Ke2 Bc8
34. b6 Bb7 35. Kd3 Bb2 36. Qxe5 Bxe5 37. Bb5 Bxd5 38. Bxe8 Bxb3 39. b7 c4+ 40.
Ke2 d5 41. Nf6+ Kg7 42. Nxd5 Kf8 43. Bf4 1-0

[Event "C.to Italiano Semifinale"]
[Site "Acqui Terme ITA"]
[Date "2011.07.20"]
[Round "5"]
[White "Sedina, Elena"]
[Black "Malloni, Marcello"]
[Result "1/2-1/2"]
[WhiteElo "2339"]
[BlackElo "2293"]
[PlyCount "46"]
[EventDate "2011.07.17"]

1. e4 e6 2. d4 d5 3. Nd2 Be7 4. Bd3 c5 5. dxc5 Nf6 6. exd5 Qxd5 7. Ngf3 Qxc5 8.
O-O O-O 9. Qe2 Nbd7 10. Re1 b6 11. Ne4 Qc7 12. c3 Bb7 13. Bg5 Rfe8 14. Nxf6+
Bxf6 15. h4 Bxg5 16. hxg5 Qf4 17. Be4 Bxe4 18. Qxe4 Qxe4 19. Rxe4 Nc5 20. Re3
Red8 21. Kf1 Rd6 22. c4 a5 23. b3 Rad8 1/2-1/2

[Event "C.to Italiano Semifinale"]
[Site "Acqui Terme ITA"]
[Date "2011.07.21"]
[Round "6"]
[White "Andreoni, Giuseppe"]
[Black "Lantini, Marco"]
[Result "1/2-1/2"]
[WhiteElo "2092"]
[BlackElo "2155"]
[PlyCount "31"]
[EventDate "2011.07.17"]

1. d4 d5 2. c4 e6 3. Nf3 Nf6 4. g3 dxc4 5. Bg2 Nc6 6. Qa4 Bb4+ 7. Bd2 Bxd2+ 8.
Nbxd2 O-O 9. Qxc4 Qd5 10. O-O Rd8 11. e3 Rb8 12. Rfc1 Bd7 13. Nb3 Qh5 14. Nc5
Be8 15. Nd2 Nd5 16. a3 1/2-1/2

[Event "C.to Italiano Semifinale"]
[Site "Acqui Terme ITA"]
[Date "2011.07.21"]
[Round "6"]
[White "Boscolo, Federico"]
[Black "Genocchio, Daniele"]
[Result "1-0"]
[WhiteElo "2210"]
[BlackElo "2446"]
[PlyCount "81"]
[EventDate "2011.07.17"]

1. e4 c6 2. Nc3 g6 3. d4 d6 4. Nf3 Bg7 5. h3 Nf6 6. Bd3 O-O 7. O-O Nbd7 8. Bf4
Nh5 9. Bh2 e5 10. Ne2 Qe7 11. c3 f5 12. dxe5 Nxe5 13. Nxe5 dxe5 14. Bc4+ Kh8
15. Kh1 b5 16. Bb3 f4 17. f3 Bf6 18. a4 b4 19. Bc4 Rb8 20. b3 bxc3 21. Qc2 Bh4
22. Qxc3 Bg3 23. Bxg3 fxg3 24. f4 Ng7 25. Qxe5 Qxe5 26. fxe5 Be6 27. Rxf8+ Rxf8
28. Bxe6 Nxe6 29. Rc1 h5 30. Nxg3 h4 31. Nf1 c5 32. Nd2 Rf2 33. Nf3 g5 34. Rd1
Rb2 35. Rd6 Nf4 36. e6 Kg7 37. Rd7+ Kf8 38. Nxg5 Ke8 39. Rxa7 Ne2 40. Nf3 Rxb3
41. Nxh4 1-0

[Event "C.to Italiano Semifinale"]
[Site "Acqui Terme ITA"]
[Date "2011.07.21"]
[Round "6"]
[White "Caprio, Guido"]
[Black "Mogranzini, Roberto"]
[Result "1/2-1/2"]
[WhiteElo "2312"]
[BlackElo "2433"]
[PlyCount "63"]
[EventDate "2011.07.17"]

1. d4 Nf6 2. c4 g6 3. Nc3 Bg7 4. e4 d6 5. Nf3 O-O 6. h3 Na6 7. Bg5 Qe8 8. g4 e5
9. d5 Nd7 10. Be2 Nb6 11. Nd2 c6 12. Nf1 cxd5 13. cxd5 Bd7 14. Qd2 Rc8 15. b3
f5 16. gxf5 gxf5 17. Ng3 Rxc3 18. Qxc3 f4 19. Bh5 Qb8 20. Ne2 Nc5 21. f3 Bb5
22. Rg1 Kh8 23. Qa5 Ba6 24. Nc3 Nd3+ 25. Kd2 Qc7 26. Qa3 Rc8 27. Rac1 Nxc1 28.
Rxc1 Qb8 29. Be7 Bf8 30. Bf6+ Bg7 31. Be7 Bf8 32. Bf6+ 1/2-1/2

[Event "C.to Italiano Semifinale"]
[Site "Acqui Terme ITA"]
[Date "2011.07.21"]
[Round "6"]
[White "D'Agostino, Maurizio"]
[Black "Ferri, Stefano"]
[Result "1/2-1/2"]
[WhiteElo "2031"]
[BlackElo "2207"]
[PlyCount "20"]
[EventDate "2011.07.17"]

1. d4 d5 2. Bf4 Nf6 3. e3 c6 4. c3 e6 5. Nf3 Be7 6. h3 Qb6 7. Qb3 Nbd7 8. Nbd2
O-O 9. Be2 h6 10. O-O c5 1/2-1/2

[Event "C.to Italiano Semifinale"]
[Site "Acqui Terme ITA"]
[Date "2011.07.21"]
[Round "6"]
[White "Dvirnyy, Danyyil"]
[Black "Bentivegna, Francesco"]
[Result "1-0"]
[WhiteElo "2436"]
[BlackElo "2330"]
[PlyCount "145"]
[EventDate "2011.07.17"]

1. e4 e6 2. d4 d5 3. e5 c5 4. c3 Nc6 5. Nf3 Nh6 6. Be3 Qb6 7. Qd2 Bd7 8. Bd3
Ng4 9. O-O Nxe3 10. fxe3 Be7 11. Kh1 f5 12. exf6 gxf6 13. c4 dxc4 14. Bxc4
O-O-O 15. Nc3 Na5 16. Bd3 Kb8 17. d5 c4 18. Be2 Bc5 19. e4 Be3 20. Qc2 Rhg8 21.
Rad1 Bc8 22. Na4 Qb4 23. Nc3 Qb6 24. dxe6 Rxd1 25. Rxd1 Qxe6 26. Nd5 Bb6 27.
Qd2 Rd8 28. Qf4+ Qd6 29. Qxf6 Qxf6 30. Nxf6 h6 31. h4 Be6 32. g4 Rxd1+ 33. Bxd1
Nc6 34. g5 hxg5 35. hxg5 Nd4 36. Kg2 Nxf3 37. Kxf3 Bd4 38. b3 Kc7 39. Nd5+ Bxd5
40. exd5 c3 41. Ke4 Bh8 42. b4 Kd6 43. b5 b6 44. Bb3 Ke7 45. Kf5 Bd4 46. Kg6
Be3 47. a4 Bf4 48. Kh5 Be5 49. Kg6 Bf4 50. Kf5 Be3 51. Kg4 Bd4 52. Kh5 Be5 53.
Bc2 Bd4 54. Bd1 Kd6 55. Bb3 Ke7 56. Kg6 Be3 57. Bd1 Kd6 58. Bb3 Ke7 59. Bc2 Kd6
60. Kf6 Kxd5 61. g6 Bh6 62. Ke7 Kd4 63. Kd7 Ke3 64. Kc7 Kd2 65. Bf5 c2 66. Bxc2
Kxc2 67. Kb7 Kb3 68. Kxa7 Kxa4 69. Kxb6 Kb4 70. Kc6 Ka5 71. b6 Ka6 72. b7 Ka7
73. Kc7 1-0

[Event "C.to Italiano Semifinale"]
[Site "Acqui Terme ITA"]
[Date "2011.07.21"]
[Round "6"]
[White "Formento, Paolo"]
[Black "Martorelli, Antonio"]
[Result "1-0"]
[WhiteElo "2024"]
[BlackElo "2224"]
[PlyCount "77"]
[EventDate "2011.07.17"]

1. e4 c5 2. Nf3 e6 3. d4 cxd4 4. Nxd4 a6 5. Bd3 Bc5 6. Nb3 Ba7 7. O-O Ne7 8.
Kh1 d6 9. f4 Nd7 10. Nc3 Nc6 11. Qg4 O-O 12. Rf3 Nb4 13. Rg3 g6 14. Qh3 b5 15.
f5 Nxd3 16. cxd3 exf5 17. exf5 Bf2 18. Rf3 Qh4 19. fxg6 Qxh3 20. Rxh3 fxg6 21.
Bh6 Rf7 22. Ne4 Ne5 23. d4 Bxh3 24. dxe5 d5 25. Ng5 Bf5 26. Nxf7 Kxf7 27. Rf1
Bb6 28. g4 Ke6 29. gxf5+ gxf5 30. Bf4 d4 31. Rd1 Rd8 32. Rd3 Kd5 33. Nd2 Rc8
34. Rh3 Rc2 35. Rh6 Bc7 36. Rf6 Ba5 37. Rd6+ Kc5 38. Nb3+ Kb4 39. Rxd4+ 1-0

[Event "C.to Italiano Semifinale"]
[Site "Acqui Terme ITA"]
[Date "2011.07.21"]
[Round "6"]
[White "Gioseffi, Massimiliano"]
[Black "Basso, Pier Luigi"]
[Result "1/2-1/2"]
[WhiteElo "2105"]
[BlackElo "2045"]
[PlyCount "115"]
[EventDate "2011.07.17"]

1. d4 d5 2. c4 e6 3. Nc3 Nf6 4. cxd5 exd5 5. Bg5 Be7 6. e3 O-O 7. Qc2 c6 8. Bd3
h6 9. Bh4 b5 10. a3 Bb7 11. Nf3 Nbd7 12. O-O Re8 13. Rac1 Ne4 14. Bxe7 Qxe7 15.
Bxe4 dxe4 16. Nd2 f5 17. Ne2 Rac8 18. Nb3 Nf6 19. Qc5 Nd5 20. Qxe7 Rxe7 21. Nc5
a5 22. Rc2 b4 23. a4 Nb6 24. Rfc1 Ba8 25. Ra1 Bb7 26. h4 g6 27. Ng3 Rec7 28. h5
Kf7 29. hxg6+ Kxg6 30. Nb3 Ba6 31. Rc5 Nc4 32. Rb1 Nb6 33. Rxa5 Bd3 34. Rc1 Nc4
35. Rxf5 Nxb2 36. a5 Bc4 37. Rc2 Bxb3 38. Rxb2 Bd5 39. Rxb4 Ra7 40. Ra4 Re8 41.
Re5 Rxe5 42. dxe5 Bb3 43. Ra3 Bd5 44. Kf1 Kf7 45. Ke2 Ke6 46. f4 exf3+ 47. gxf3
Kxe5 48. f4+ Kd6 49. Nf5+ Kc5 50. Nxh6 Kb4 51. Ra1 Kc3 52. Rc1+ Kb4 53. Kd3 Kb5
54. Kd4 Re7 55. f5 Re4+ 56. Kd3 Rh4 57. Ra1 Rxh6 58. a6 1/2-1/2

[Event "C.to Italiano Semifinale"]
[Site "Acqui Terme ITA"]
[Date "2011.07.21"]
[Round "6"]
[White "Malloni, Marcello"]
[Black "Contin, Daniel"]
[Result "1/2-1/2"]
[WhiteElo "2293"]
[BlackElo "2319"]
[PlyCount "80"]
[EventDate "2011.07.17"]

1. e4 e6 2. d4 d5 3. Nc3 Bb4 4. exd5 exd5 5. Bd3 Nc6 6. a3 Be7 7. Nge2 Bf6 8.
Be3 Nge7 9. Qd2 Bf5 10. O-O-O Bxd3 11. Qxd3 Qd7 12. Nf4 g6 13. Qb5 O-O-O 14.
Nd3 b6 15. Qa6+ Kb8 16. Nb4 Qc8 17. Qa4 Nxb4 18. axb4 a6 19. b5 a5 20. b4 axb4
21. Na2 Qb7 22. Nxb4 Qa8 23. Na6+ Kb7 24. Rd3 c6 25. Ra3 g5 26. Kd2 c5 27. h4
Nf5 28. dxc5 d4 29. c6+ Kc8 30. Bxg5 Bxg5+ 31. hxg5 Nd6 32. Kc1 Rhe8 33. Qb3
Re5 34. Nb4 Qb8 35. Qh3+ Rf5 36. Nd5 Re8 37. Ra8 Qxa8 38. Nxb6+ Kc7 39. Nxa8+
Rxa8 40. Kd2 Rxf2+ 1/2-1/2

[Event "C.to Italiano Semifinale"]
[Site "Acqui Terme ITA"]
[Date "2011.07.21"]
[Round "6"]
[White "Melone, Antonio"]
[Black "Bianco, Valerio"]
[Result "1-0"]
[WhiteElo "2046"]
[BlackElo "2216"]
[PlyCount "93"]
[EventDate "2011.07.17"]

1. d4 d5 2. c4 c6 3. Nc3 Nf6 4. Nf3 e6 5. e3 Nbd7 6. Qc2 b6 7. b3 Bb7 8. Bd3
Be7 9. Bb2 Qc7 10. cxd5 exd5 11. O-O O-O 12. Ne5 h6 13. f4 c5 14. Ne2 Ne4 15.
Rf3 Rac8 16. Bxe4 dxe4 17. Rg3 cxd4 18. Qxc7 Rxc7 19. Bxd4 Nf6 20. Nc4 Bc8 21.
Be5 Rc6 22. Nd4 Rc5 23. Nd6 Nh5 24. N6f5 Bd8 25. Bd6 Rxf5 26. Nxf5 Bxf5 27.
Bxf8 Kxf8 28. Rd1 Ke8 29. Rd5 Nxg3 30. hxg3 g6 31. Re5+ Kd7 32. g4 f6 33. Rd5+
Kc6 34. Rxd8 Bxg4 35. Rg8 Bf5 36. g4 Bxg4 37. Rxg6 Bd7 38. Rxf6+ Kc5 39. Rxh6
a5 40. f5 b5 41. f6 Be6 42. Rh5+ Kb4 43. Re5 Bg8 44. Kf2 Ka3 45. Rxb5 Kxa2 46.
Rxa5+ Kxb3 47. Ra7 1-0

[Event "C.to Italiano Semifinale"]
[Site "Acqui Terme ITA"]
[Date "2011.07.21"]
[Round "6"]
[White "Molina, Fabrizio"]
[Black "Bruno, Fabio"]
[Result "1-0"]
[WhiteElo "2256"]
[BlackElo "2466"]
[PlyCount "121"]
[EventDate "2011.07.17"]

1. Nf3 d5 2. c4 e6 3. g3 Nf6 4. Bg2 Be7 5. O-O O-O 6. b3 b6 7. Bb2 Bb7 8. d3 c5
9. e3 Nc6 10. Qe2 Qc7 11. Nc3 Rac8 12. Nh4 d4 13. Nb5 Qd7 14. e4 a6 15. Na3 Ne8
16. f4 Bxh4 17. gxh4 Nb4 18. Nb1 Nd6 19. a3 Nc6 20. Nd2 f5 21. e5 Nf7 22. h3
Kh8 23. Kh2 Rg8 24. Rg1 g6 25. Bh1 Rg7 26. Nf3 h6 27. Rab1 a5 28. Bc1 Rcg8 29.
Bd2 Qc7 30. b4 axb4 31. axb4 cxb4 32. Bxb4 Nxb4 33. Rxb4 Bxf3 34. Qxf3 Qd8 35.
Qf2 g5 36. hxg5 hxg5 37. Ra4 Qd7 38. Ra6 Kh7 39. Rxb6 gxf4 40. Qh4+ Nh6 41.
Rxg7+ Rxg7 42. Rb7 Qa4 43. Rxg7+ Kxg7 44. Qf6+ Kh7 45. Qe7+ Kh8 46. Qxe6 Qc2+
47. Bg2 Kh7 48. Qd7+ Kg6 49. Qc6+ Kg5 50. Qf3 Qd2 51. e6 Qe1 52. h4+ Qxh4+ 53.
Bh3 Ng4+ 54. Kg2 Ne5 55. Qf2 f3+ 56. Kg1 Qxh3 57. e7 Qg4+ 58. Kf1 Qh5 59. Qxd4
Nc6 60. Qe3+ f4 61. Qc5+ 1-0

[Event "C.to Italiano Semifinale"]
[Site "Acqui Terme ITA"]
[Date "2011.07.21"]
[Round "6"]
[White "Parrella, Alfredo"]
[Black "Altini, Nicola"]
[Result "0-1"]
[WhiteElo "2110"]
[BlackElo "2267"]
[PlyCount "54"]
[EventDate "2011.07.17"]

1. d4 d5 2. c4 c6 3. Nf3 Nf6 4. Nc3 dxc4 5. a4 Bf5 6. Ne5 Nbd7 7. Nxc4 Qc7 8.
Qd2 Bg6 9. f3 Nb6 10. e4 Nxc4 11. Bxc4 e5 12. d5 Bc5 13. dxc6 bxc6 14. a5 O-O
15. Qe2 Nh5 16. g3 Rab8 17. Kf1 Kh8 18. Kg2 Qc8 19. Ba6 Qe6 20. Qc4 Qe7 21. Ne2
Rb4 22. Qc2 f5 23. exf5 Bxf5 24. Bd3 e4 25. fxe4 Bxe4+ 26. Bxe4 Rf2+ 27. Kh3
Rxe4 0-1